000 00612nam a22002297a 4500
003 UA-OsUOA
001 81767
007 ta
008 20120207b un ||||| |||| 00| 0 ukr d
100 _aДосжанов Д.
090 _a821.161.1
_bД67
942 _cBK
040 _aUA-OsUOA
_brus
_cUA-OsUOA
_dUA-OsUOA
245 _aШелковый путь
_bРоман. Рассказы
300 _a605 с.
955 _a3
041 _arus
080 _a821.161.1
260 _aМ.
_bИзвестия
_c1983
650 7 _a82 Література. Літературознавство
_2UDC
999 _c368074
_d368074